| 000 | 00396nam a2200169Ia 4500 | ||
|---|---|---|---|
| 001 | 23664 | ||
| 003 | IN-NITTTR | ||
| 005 | 20251114233305.0 | ||
| 008 | 251113s9999||||xx |||||||||||||| ||eng|| | ||
| 040 | _beng | ||
| 040 | _cIN-NITTTR | ||
| 041 | _aeng | ||
| 082 | _a005.7565 K811O | ||
| 100 | _aKoch, George | ||
| 245 | 0 |
_aORACLE : _b the complete reference. / _cKoch, George |
|
| 942 |
_2ddc _cBK |
||
| 999 |
_c26293 _d26293 |
||